Pokémon - Les attaques de Lestombaile - Statistiques

Statistiques générales
  • Ce quiz a été pris 9 fois
  • Le résultat moyen est 13 sur 16
Statistiques - réponses
Niveaux Types Noms des attaques % Correct
Départ Vol Cru-Ailes
100%
Niveau 11 Roche Jet-Pierres
100%
Niveau 20 Vol Picore
100%
Départ Vol Picpic
100%
Niveau 36 Ténèbres Représailles
100%
Niveau 53 Ténèbres Sabotage
100%
Niveau 47 Roche Éboulement
83%
Départ Normal Groz'Yeux
83%
Niveau 29 Roche Tomberoche
83%
Départ Ténèbres Aiguisage
67%
Niveau 60 Ténèbres Dernier Mot
67%
Niveau 7 Ténèbres Larcin
67%
Départ Ténèbres Souvenir
67%
Niveau 24 Ténèbres Tourmente
67%
Niveau 16 Normal Cyclone
50%
Niveau 42 Vol Double Volée
50%
Aucun quiz correspondant
Distribution des résultats
% des personnes avec chaque résultat
Percentile par nombre de réponses
Votre historique - résultats
Vous n’avez pas pris ce quiz